[Event "COL-ch Students (Women)"]
[White "Cortes Torres, Helen Dayana"]
[Black "Garcia Daza, Angela Maria"]
[Site "Popayan"]
[Round "6"]
[Result "0-1"]
[Date "2024.05.04"]
[WhiteElo "1600"]
[BlackElo "1631"]
[PlyCount "50"]
[EventDate "2024.05.02"]
[EventType "swiss"]
[EventRounds "7"]
[EventCountry "COL"]
[SourceTitle "CBM 220 Extra"]
[Source "ChessBase"]
[SourceDate "2024.07.31"]
[SourceVersion "1"]
[SourceVersionDate "2024.07.31"]
[SourceQuality "1"]

1. e4 e5 2. Nf3 Nc6 3. c3 d5 4. exd5 Qxd5 5. h3 Be6 6. d3 h6 7. Be2 0-0-0 8. Be3 Bc5 9. c4 Qd6 10. Bxc5 Qxc5 11. Nc3 Bxc4 12. Qc2 Bd5 13. Rd1 Nge7 14. b3 e4 15. dxe4 Bxe4 16. Rxd8+ Rxd8 17. Qc1 Nd5 18. 0-0 Nxc3 19. Re1 Nxe2+ 20. Rxe2 Qxc1+ 21. Kh2 Bxf3 22. gxf3 Qf4+ 23. Kg2 Nd4 24. Re1 Qxf3+ 25. Kf1 Qh1# 0-1

[Event "COL-ch Students (Women)"]
[White "Cortes Torres, Helen Dayana"]
[Black "Bolanos Calvache, Brigeth Vanessa"]
[Site "Popayan"]
[Round "3"]
[Result "0-1"]
[Date "2024.05.03"]
[WhiteElo "1600"]
[BlackElo "1788"]
[PlyCount "60"]
[EventDate "2024.05.02"]
[EventType "swiss"]
[EventRounds "7"]
[EventCountry "COL"]
[SourceTitle "CBM 220 Extra"]
[Source "ChessBase"]
[SourceDate "2024.07.31"]
[SourceVersion "1"]
[SourceVersionDate "2024.07.31"]
[SourceQuality "1"]

1. e4 c5 2. Nf3 d6 3. d4 cxd4 4. Nxd4 Nf6 5. Nc3 a6 6. Bc4 e6 7. 0-0 Be7 8. Nf3 b5 9. e5 bxc4 10. exf6 Bxf6 11. Re1 0-0 12. Qe2 Qc7 13. Bg5 Bxc3 14. bxc3 f6 15. Bd2 e5 16. Qe4 Bb7 17. Qg4 f5 18. Qh3 Rf6 19. Ng5 h6 20. Nf3 g5 21. Qh5 Qf7 22. Qxf7+ Kxf7 23. Rab1 Be4 24. Rec1 Nc6 25. h3 Na7 26. Be3 Nb5 27. Nd2 Nxc3 28. Rb7+ Bxb7 29. Nxc4 Ne2+ 30. Kf1 Nxc1 0-1